MARC

LEADER 00000nam0a2200000 4500
001 336961
005 20231102004914.0
035 |a (RuTPU)RU\TPU\book\363422 
090 |a 336961 
100 |a 20171027d1964 km y0rusy50 ca 
101 1 |a rus  |c eng 
102 |a RU 
105 |a a z 001zy 
200 1 |a Введение в теорию поля лигандов  |e пер. с англ.  |f К. Бальхаузен  |g пер. Е. Дяткиной 
210 |a Москва  |c Мир  |d 1964 
215 |a 360 с.  |c ил. 
320 |a Библиогр. в конце гл. 
606 1 |a Комплексные соединения  |x Химическая связь  |2 stltpush  |3 (RuTPU)RU\TPU\subj\75503  |9 87254 
610 1 |a теория поля 
610 1 |a лиганды 
610 1 |a атомные спектры 
610 1 |a атомные спектры 
610 1 |a кристаллическое поле 
610 1 |a спин-орбитальное взаимодействие 
610 1 |a молекулярные орбиты 
610 1 |a неорганические комплексы 
610 1 |a электронные структуры 
675 |a 546-386  |v 4 
700 1 |a Бальхаузен  |b К.  |g Карл 
702 1 |a Дяткина  |b Е.  |4 730 
801 1 |a RU  |b 63413507  |c 20171027 
801 2 |a RU  |b 63413507  |c 20201113  |g RCR 
942 |c BK